[Event "Crema op 05th"]
[Site "Crema"]
[Date "2003.09.06"]
[Round "4"]
[White "Pancioni, Marco"]
[Black "Festa, Samuele"]
[Result "0-1"]
[WhiteElo "1597"]
[BlackElo "1741"]
[PlyCount "40"]
[EventDate "2003.09.05"]
[EventType "swiss"]
[EventRounds "6"]
[EventCountry "ITA"]
[SourceTitle "EXT 2007"]
[Source "ChessBase"]
[SourceDate "2006.11.23"]
[SourceVersion "1"]
[SourceVersionDate "2006.11.23"]
[SourceQuality "1"]

1. d4 f5 2. c4 Nf6 3. Nc3 g6 4. Nf3 Bg7 5. e3 0-0 6. b3 d6 7. Bb2 c6 8. Rc1 Qc7 9. Bd3 Na6 10. a3 e5 11. dxe5 dxe5 12. e4 Nc5 13. Qc2 fxe4 14. Nxe4 Nfxe4 15. Bxe4 Nxe4 16. 0-0 Bf5 17. g4 Bxg4 18. Qxe4 Bxf3 19. Qh4 Rf4 20. Qg3 Rg4 0-1